La proa. Ensenyament del valencià. Cicle mitjá. 3º nivell

Gespeichert in:
Bibliographische Detailangaben
1. Verfasser: Brossa i Alavedra, Maria Palomero, Josep Perera i Parramón, Antoni
Format: keine Angabe
Sprache:Spanisch
Erschienen: Alaquàs. Valencia Bruño 1987
Katalog:MANES:  Suchergebnis im Bibliothekskatalog
Schulbuchspezifische Eigenschaften:
Tags: Tag hinzufügen
Keine Tags, Fügen Sie den ersten Tag hinzu!
Hinzugefügt zu:26.04.2016
Geändert in:20.11.2024

MARC

LEADER 000000000a22000000004500
001 01990
003 OSt
005 20241121020106.0
008 160427s sp ||||| |||| 00| 0 spa d
040 |c centro_manes 
041 1 |a val 
691 7 |a PRI 
100 1 |a Brossa i Alavedra, Maria  |9 194  |a Palomero, Josep  |9 198  |a Perera i Parramón, Antoni  |9 195 
245 0 0 |a La proa. Ensenyament del valencià. Cicle mitjá. 3º nivell 
260 3 |a Alaquàs. Valencia  |b Bruño  |c 1987 
300 |a 158 p.  |c 25x19 cm 
500 |a Fecha de publicación tomada del Depósito Legal 
690 0 |a LEN 
942 |2 ddc  |c BK 
546 |a España 
999 |c 7964  |d 7964 
999 |c manes:7964  |d 7964